00368nam a22001337a 450000500170000000800410001704000070005804100120006508200210007710000250009824500360012326000410015965000340020020241221112710.0241221b ||||| |||| 00| 0 eng d cAL aEnglish a348.04223bEASS aEastern Book Company aSupreme Court Cases 2006: Vol 7 a LucknowbEastern Book Comapnyc2012 a Mode of Citation(2006) 7 SCC